Ostravská sídliště : urbanismus, architektura, umění a památkový potenciál /

Main Author: Strakoš, Martin, 1972-
Language: Czech
Published: Ostrava : Národní památkový ústav, 2018
Edition: Vydání: první
Subjects:
Physical Description: 447 stran : ilustrace (převážně barevné), plány, faksimile ; 28 cm
Language note: Anglické resumé
Book
Saved in:
LEADER 02300nam a2200625 i 4500
001 nkc20203214723
003 CZ PrNK
005 20201113113103.0
007 ta
008 200409s2018 xr aeh e c 000 0 cze
015 |a cnb003214723 
020 |a 978-80-88240-05-1  |q (brožováno) 
035 |a (OCoLC)1200255964 
040 |a BOA001  |b cze  |d OLA001  |e rda 
041 0 |a cze  |b eng 
043 |a e-xr---  |b e-xr-mo  |2 czenas 
072 7 |a 71  |x Územní plánování. Urbanismus. Památková péče  |2 Konspekt  |9 21 
080 |a 711.48  |2 MRF 
080 |a 72  |2 MRF 
080 |a 711.4  |2 MRF 
080 |a 7.025.3/.4  |2 MRF 
080 |a (437.326)  |2 MRF 
080 |a (048.8)  |2 MRF 
080 |a (083.82)  |2 MRF 
100 1 |a Strakoš, Martin,  |d 1972-  |7 jo2002109970  |4 aut 
245 1 0 |a Ostravská sídliště :  |b urbanismus, architektura, umění a památkový potenciál /  |c Martin Strakoš 
250 |a Vydání: první 
264 1 |a Ostrava :  |b Národní památkový ústav,  |c 2018 
300 |a 447 stran :  |b ilustrace (převážně barevné), plány, faksimile ;  |c 28 cm 
336 |a text  |b txt  |2 rdacontent 
336 |a statický obraz  |b sti  |2 rdacontent 
337 |a bez média  |b n  |2 rdamedia 
338 |a svazek  |b nc  |2 rdacarrier 
504 |a Obsahuje bibliografii a bibliografické odkazy 
546 |a Anglické resumé 
650 0 7 |a sídliště  |7 ph126390  |z Česko  |2 czenas 
650 0 7 |a architektura  |7 ph118586  |z Česko  |2 czenas 
650 0 7 |a urbanismus  |7 ph116541  |z Česko  |2 czenas 
650 0 7 |a ochrana památek  |7 ph135825  |z Česko  |2 czenas 
650 0 9 |a housing estates  |z Czechia  |2 eczenas 
650 0 9 |a architecture  |z Czechia  |2 eczenas 
650 0 9 |a city planning  |z Czechia  |2 eczenas 
650 0 9 |a protection of monuments  |z Czechia  |2 eczenas 
651 7 |a Ostrava (Česko)  |7 ge128537  |2 czenas 
651 9 |a Ostrava (Czechia)  |2 eczenas 
655 7 |a studie  |7 fd133597  |2 czenas 
655 7 |a katalogy  |7 fd132535  |2 czenas 
655 9 |a studies  |2 eczenas 
655 9 |a catalogs  |2 eczenas 
910 2 |a BOA001  |b 3-1447.691 
990 |a BK 
995 |a 01 
991 |b 202007  |c NOV 
996 6 |b 2610829435  |c 3-1447.691  |l MZK  |r Sklad / do 1 hodiny  |n 1  |p p.v.  |w 001811294  |u 000010  |a 1  |e BOA001  |j MZK50  |s P 
996 6 |b 2610842663  |c 3-1447.691  |l MZK  |r STM 6p  |n 0  |p kup  |h 71 STR  |w 001811294  |u 000020  |a 0  |e BOA001  |j MZK50  |s P